| 000 | 00803nam a22002175i 4500 | ||
|---|---|---|---|
| 001 | 154913 | ||
| 003 | ES-MaACL | ||
| 005 | 20230906205911.0 | ||
| 008 | 040715s1875 fr a |||| | fre d | ||
| 040 |
_aCAM _bspa _cCAM |
||
| 100 | 1 |
_aGuillemin, Amédée. _9127621 |
|
| 245 | 1 | 3 |
_aLe son _b: notions d'acoustique physique et musicale. |
| 260 |
_aParis : _bLibrairie Hachette et c\pie\s, _c1875 ( _eCoulommiers : _fTyp. A. Moussin) |
||
| 300 |
_aVIII, 302 p. ; _c18 cm. |
||
| 490 | 1 | _aPetite encyclopédie populaire / par Amédée Guillemin | |
| 650 | 4 |
_aSonido. _9136890 |
|
| 650 | 4 |
_aAcústica. _9135495 |
|
| 830 | 0 |
_aPetite encyclopédie populaire / par Amédée Guillemin _9221519 |
|
| 852 |
_aES-MaACL _jG-10721 _z-- Enc. hol. _z-- Ex-libris ms. de Gustavo Saenz Diez |
||
| 999 |
_c154913 _d154913 |
||